[Event "?"]
[Site "?"]
[Date "2018.11.18"]
[Round "4.1"]
[White "Seidel, Michael"]
[Black "Homi, Joseph"]
[Result "0-1"]
[WhiteElo "1997"]
[BlackElo "1948"]
[PlyCount "54"]
[EventDate "2018.??.??"]
[WhiteTeam "SC Schwarzenbach"]
[BlackTeam "SGem Fürth"]

1. e4 c6 2. d4 d5 3. exd5 cxd5 4. c4 Nf6 5. Nc3 Nc6 6. Nf3 Bg4 7. cxd5 Nxd5 8.
Qb3 Bxf3 9. gxf3 Nb6 10. d5 Nd4 11. Qd1 e5 12. dxe6 fxe6 13. Be3 Bc5 14. b4 O-O
15. bxc5 Nxf3+ 16. Ke2 Qf6 17. cxb6 Rad8 18. Qc1 Qf5 19. Qb1 Qh5 20. Qc1 Nxh2+
21. Ke1 Nf3+ 22. Ke2 Qxh1 23. bxa7 Qh4 24. Nb5 Ng1+ 25. Ke1 Nf3+ 26. Ke2 Ng1+
27. Ke1 Qb4+ 0-1

[Event "?"]
[Site "?"]
[Date "2018.11.18"]
[Round "4.2"]
[White "Ulusoy, Tolga"]
[Black "Albayrak, Nese Pinar"]
[Result "1-0"]
[WhiteElo "2023"]
[BlackElo "1494"]
[PlyCount "137"]
[EventDate "2018.??.??"]
[WhiteTeam "SC Noris-Tarrasch"]
[BlackTeam "Zabo-Eintr. Nürnberg"]

1. e4 e5 2. f4 exf4 3. Bc4 Qh4+ 4. Kf1 Nc6 5. Nf3 Qh5 6. d4 Nf6 7. e5 Ne4 8.
Bxf4 Be7 9. Qe2 f5 10. exf6 Nxf6 11. Nc3 d5 12. Bb5 Bg4 13. Bxc7 O-O 14. Bxc6
bxc6 15. Kg1 Rae8 16. h3 Bxf3 17. Qxf3 Qg6 18. Qd3 Ne4 19. Nxe4 dxe4 20. Qc4+
Kh8 21. Be5 c5 22. c3 e3 23. Qe2 Rf2 24. Qg4 Qxg4 25. hxg4 Rxb2 26. Rh3 cxd4
27. cxd4 e2 28. Re3 Rd2 29. Re1 Rxa2 30. R1xe2 Rxe2 31. Rxe2 Bf6 32. Kf2 Kg8
33. Kf3 a5 34. Ke4 Kf7 35. Ra2 Ra8 36. Ra4 Ke6 37. Bc7 Ra7 38. d5+ Kd7 39. Bb6
Ra6 40. Bc5 Be7 41. Bd4 g6 42. Bc3 Bd8 43. Kd3 Kd6 44. Kc4 Bc7 45. Bb4+ Ke5 46.
Bc5 Ra8 47. Ra2 Rc8 48. Re2+ Kf4 49. Kb5 Kxg4 50. d6 Bb8 51. d7 Rd8 52. Kc6 Bf4
53. Bb6 Rxd7 54. Kxd7 a4 55. Ke6 h5 56. Kf6 g5 57. Be3 Bc7 58. Bf2 h4 59. Re4+
Bf4 60. Rxa4 h3 61. gxh3+ Kxh3 62. Kf5 Bc1 63. Rg4 Bf4 64. Bc5 Bd6 65. Be3 Be7
66. Bxg5 Bd6 67. Bf4 Be5 68. Rg3+ Kh4 69. Bxe5 1-0

[Event "?"]
[Site "?"]
[Date "2018.11.18"]
[Round "4.3"]
[White "Adelhardt, Lisa"]
[Black "Kraus, Sebastian"]
[Result "0-1"]
[WhiteElo "1289"]
[BlackElo "1819"]
[PlyCount "158"]
[EventDate "2018.??.??"]
[WhiteTeam "Schachtreff Röttenbach"]
[BlackTeam "SC JÄKLECHEMIE"]

1. e4 e5 2. Nf3 Nc6 3. Bc4 Bc5 4. c3 Nf6 5. d4 exd4 6. cxd4 Bb4+ 7. Bd2 Nxe4 8.
Bxb4 Nxb4 9. Bxf7+ Kxf7 10. Qb3+ Kf8 11. Qxb4+ Qe7 12. Qxe7+ Kxe7 13. O-O Re8
14. Re1 Kf8 15. Nbd2 Nxd2 16. Rxe8+ Kxe8 17. Re1+ Kf8 18. Nxd2 d6 19. Ne4 Bf5
20. Re3 Re8 21. Ng3 Bb1 22. a3 Rxe3 23. fxe3 Kf7 24. Kf2 Ke6 25. Ne2 Bc2 26.
Nc3 a5 27. Ke2 Bb3 28. Kd3 c6 29. e4 b5 30. g3 Kf6 31. Ke3 b4 32. axb4 axb4 33.
Nb1 Bc4 34. Nd2 Bb5 35. Nb3 Bc4 36. Nd2 Be6 37. Kf4 g5+ 38. Kf3 h6 39. g4 Bc8
40. Nc4 Ke6 41. Ke3 Ba6 42. Nd2 Bb5 43. Kf3 Ba4 44. Ke3 Bd1 45. h3 h5 46. gxh5
Bxh5 47. Nf1 Bg6 48. Ng3 c5 49. Kd3 Kd7 50. Kc4 Bf7+ 51. Kd3 c4+ 52. Ke3 Be6
53. Ne2 Bxh3 54. Kf3 Ke7 55. Kg3 Bf1 56. Nc1 b3 57. Kf2 c3 58. Nxb3 cxb2 59.
Nd2 Bd3 60. Kg3 Bxe4 61. Kg4 b1=Q 62. Nxb1 Bxb1 63. Kxg5 Ke6 64. Kf4 Kd5 65.
Ke3 Bh7 66. Ke2 Kxd4 67. Kd2 d5 68. Kd1 Kd3 69. Ke1 Kc2 70. Ke2 d4 71. Kf2 d3
72. Ke3 d2 73. Kf2 d1=Q 74. Ke3 Qd2+ 75. Kf3 Qd4 76. Ke2 Qd3+ 77. Ke1 Qd2+ 78.
Kf1 Be4 79. Kg1 Qg2# 0-1

[Event "?"]
[Site "?"]
[Date "2018.11.18"]
[Round "4.4"]
[White "Floegel, Marco"]
[Black "Zimmermann, RenÃ©"]
[Result "0-1"]
[WhiteElo "1638"]
[BlackElo "2198"]
[PlyCount "56"]
[EventDate "2018.??.??"]
[WhiteTeam "SK Herzogenaurach"]
[BlackTeam "SG GrÃ¼n-WeiÃŸ Dresden"]

1. e4 e6 2. d4 d5 3. Nd2 Nf6 4. e5 Nfd7 5. Ngf3 c5 6. c4 Nc6 7. cxd5 exd5 8.
Bb5 Be7 9. Bxc6 bxc6 10. dxc5 Ba6 11. b4 Qb8 12. Bb2 Qxb4 13. Qb3 Nxc5 14. Qxb4
Nd3+ 15. Kd1 Nxf2+ 16. Kc2 Bxb4 17. Bc3 Bxc3 18. Kxc3 Nxh1 19. Rxh1 c5 20. Nb3
Rc8 21. Rc1 O-O 22. Kd2 Bc4 23. Rxc4 dxc4 24. Na5 Rfd8+ 25. Kc3 Rd3+ 26. Kxc4
Ra3 27. Nb7 Rxa2 28. Nd6 Rc7 0-1

[Event "?"]
[Site "?"]
[Date "2018.11.18"]
[Round "4.5"]
[White "Adelhütte, Dennis"]
[Black "Behlert, Stefan"]
[Result "1/2-1/2"]
[WhiteElo "1993"]
[BlackElo "2049"]
[PlyCount "36"]
[EventDate "2018.??.??"]
[WhiteTeam "SC JÄKLECHEMIE"]
[BlackTeam "Zabo-Eintr. Nürnberg"]

1. d4 e6 2. e4 d5 3. Nd2 Nf6 4. e5 Nfd7 5. Bd3 c5 6. c3 Nc6 7. Ne2 Qb6 8. Nf3
cxd4 9. cxd4 f6 10. exf6 Nxf6 11. O-O Bd6 12. Bf4 Bxf4 13. Nxf4 O-O 14. Re1
Qxb2 15. Rb1 Qxa2 16. Ng5 Ne4 17. Nxe4 Rxf4 18. g3 dxe4 1/2-1/2

[Event "?"]
[Site "?"]
[Date "2018.11.18"]
[Round "4.6"]
[White "Lingl, Xenia"]
[Black "Corral, Carlos"]
[Result "0-1"]
[WhiteElo "1721"]
[BlackElo "2015"]
[PlyCount "40"]
[EventDate "2018.??.??"]
[WhiteTeam "SC JÃ„KLECHEMIE"]
[BlackTeam "SC Noris-Tarrasch"]

1. e4 c5 2. Nc3 Nc6 3. g3 g6 4. Bg2 Bg7 5. d3 d6 6. f4 e6 7. Nf3 Nge7 8. O-O
O-O 9. Ne2 Rb8 10. c3 b5 11. d4 cxd4 12. Nfxd4 Nxd4 13. Nxd4 b4 14. Kh1 bxc3
15. bxc3 Ba6 16. Rf2 Qa5 17. Rc2 Rfc8 18. Nb3 Rxb3 19. axb3 Qxa1 20. Qxd6 Qb1
0-1

[Event "?"]
[Site "?"]
[Date "2018.11.18"]
[Round "4.7"]
[White "Kocak, Ediz"]
[Black "Süß, Helmut"]
[Result "1-0"]
[WhiteElo "1817"]
[BlackElo "1871"]
[PlyCount "37"]
[EventDate "2018.??.??"]
[WhiteTeam "SG 1882 Fürth"]
[BlackTeam "SC Noris-Tarrasch"]

1. e4 d5 2. exd5 Qxd5 3. Nc3 Qd8 4. Bc4 Nf6 5. d4 Bg4 6. f3 Bf5 7. Nge2 e6 8.
Be3 c6 9. Qd2 Be7 10. O-O-O Nd5 11. Bf2 Nd7 12. g4 Bg6 13. f4 Nxc3 14. Nxc3 Qa5
15. f5 exf5 16. Rhe1 Kf8 17. d5 cxd5 18. Rxe7 Kxe7 19. Nxd5+ 1-0

[Event "?"]
[Site "?"]
[Date "2018.11.18"]
[Round "4.8"]
[White "Diebel, Günter"]
[Black "Cipra, Lothar"]
[Result "1-0"]
[WhiteElo "1854"]
[BlackElo "1921"]
[PlyCount "81"]
[EventDate "2018.??.??"]
[WhiteTeam "SW Nürnberg Süd"]
[BlackTeam "SK Schwanstetten"]

1. e4 c5 2. Nf3 e6 3. Nc3 a6 4. b3 d5 5. exd5 exd5 6. d4 Be6 7. dxc5 Bxc5 8.
Bb2 Nf6 9. Bd3 Nc6 10. O-O Qc7 11. Ne2 Bd6 12. Bxf6 gxf6 13. Ng3 O-O-O 14. a3
h5 15. b4 Ne5 16. b5 Nc4 17. bxa6 bxa6 18. Re1 Bg4 19. Bf5+ Bxf5 20. Nxf5 Be5
21. N5d4 h4 22. c3 Qd7 23. Qb3 Rdg8 24. Rab1 Qc7 25. Qa4 a5 26. Qb5 h3 27. Qa6+
Kd8 28. Nc6+ Kd7 29. Ncxe5+ fxe5 30. Rb7 Rxg2+ 31. Kh1 Rg6 32. Rxc7+ Kxc7 33.
Qa7+ Kd6 34. Qxf7 Rhg8 35. Nh4 Rg5 36. Nf5+ Kc5 37. Qc7+ Kb5 38. Rb1+ Ka4 39.
Qc6+ Kxa3 40. Qb5 a4 41. Ra1# 1-0

[Event "?"]
[Site "?"]
[Date "2018.11.18"]
[Round "4.9"]
[White "Bruss, Robert"]
[Black "Deysenroth, Patrick"]
[Result "1-0"]
[WhiteElo "1688"]
[BlackElo "1610"]
[PlyCount "127"]
[EventDate "2018.??.??"]
[WhiteTeam "SC Hersbruck"]
[BlackTeam "SC Noris-Tarrasch"]

1. d4 Nf6 2. c4 g6 3. Nc3 Bg7 4. e4 d6 5. Nf3 O-O 6. Be2 e5 7. O-O Nc6 8. d5
Ne7 9. b4 Nd7 10. Ba3 f5 11. Nd2 f4 12. Bg4 h5 13. Be6+ Kh8 14. c5 Nf6 15. Bxc8
Rxc8 16. f3 Neg8 17. Rc1 Rf7 18. Nc4 Bf8 19. Qa4 Ra8 20. Qb5 Rb8 21. Na5 g5 22.
Nxb7 Qc8 23. c6 g4 24. Qd3 Nh7 25. Nb1 Ng5 26. Nd2 Rg7 27. Kh1 g3 28. hxg3 fxg3
29. f4 Nh3 30. Qe2 Nxf4 31. Rxf4 exf4 32. Bb2 Qg4 33. Qxg4 hxg4 34. Rf1 Kh7 35.
Bxg7 Bxg7 36. Rxf4 Bh6 37. Rf7+ Kg6 38. Rxc7 Bxd2 39. Nxd6 Bxb4 40. Nf5 Bd6 41.
Rb7 Rxb7 42. cxb7 Bb8 43. d6 Nf6 44. Ne7+ Kf7 45. Nc6 Bxd6 46. e5 Nd7 47. exd6
Ke6 48. b8=Q Nxb8 49. Nxb8 Kxd6 50. Na6 Kc6 51. Kg1 Kb5 52. Nc7+ Ka4 53. Kf1 a5
54. Ke2 Ka3 55. Kd2 Kxa2 56. Kc2 Ka3 57. Kc3 Ka2 58. Kc2 Ka3 59. Nd5 Ka4 60.
Ne3 Kb4 61. Nxg4 Kc4 62. Ne3+ Kd4 63. Nf5+ Ke4 64. Nh4 1-0

[Event "?"]
[Site "?"]
[Date "2018.11.18"]
[Round "4.10"]
[White "WeiÃŸmann, Peter"]
[Black "Balhar, Michael"]
[Result "1/2-1/2"]
[WhiteElo "1756"]
[BlackElo "1815"]
[PlyCount "21"]
[EventDate "2018.??.??"]
[WhiteTeam "SG 1882 FÃ¼rth"]
[BlackTeam "SC Erlangen"]

1. c4 e5 2. g3 Nf6 3. Bg2 Nc6 4. e3 g6 5. Nc3 Bg7 6. Nge2 d6 7. d4 O-O 8. d5
Ne7 9. e4 Nh5 10. Bf3 Nf6 11. Bg2 1/2-1/2

[Event "?"]
[Site "?"]
[Date "2018.11.18"]
[Round "4.11"]
[White "Killmann, Reinmar"]
[Black "Klinger, Klaus"]
[Result "1-0"]
[WhiteElo "1674"]
[BlackElo "1696"]
[PlyCount "71"]
[EventDate "2018.??.??"]
[WhiteTeam "SC JÄKLECHEMIE"]
[BlackTeam "Zabo-Eintracht Nürnberg"]

1. e4 e5 2. Nf3 Nc6 3. Bb5 Nce7 4. Nxe5 c6 5. Bc4 Nh6 6. d4 d5 7. exd5 cxd5 8.
Bb5+ Nc6 9. Nxc6 bxc6 10. Bxc6+ Bd7 11. Bxa8 Qxa8 12. Qe2+ Be7 13. O-O Qb7 14.
Nc3 Nf5 15. Bg5 Be6 16. Bxe7 Nxe7 17. Qb5+ Qxb5 18. Nxb5 O-O 19. b3 Nc6 20. c3
Bf5 21. Rfe1 g6 22. Nc7 Rd8 23. Re8+ Rxe8 24. Nxe8 Kf8 25. Nc7 Ne7 26. Re1 f6
27. f3 Kf7 28. Kf2 h5 29. Nb5 a6 30. Nd6+ Kf8 31. Rxe7 Kxe7 32. Nxf5+ gxf5 33.
c4 dxc4 34. bxc4 f4 35. g3 fxg3+ 36. Kxg3 1-0

[Event "?"]
[Site "?"]
[Date "2018.11.18"]
[Round "4.12"]
[White "Denninger, David"]
[Black "Lingl, Peter"]
[Result "1-0"]
[WhiteElo "1858"]
[BlackElo "1563"]
[PlyCount "53"]
[EventDate "2018.??.??"]
[WhiteTeam "SC JÄKLECHEMIE"]
[BlackTeam "SC JÄKLECHEMIE"]

1. d4 c5 2. d5 d6 3. Nf3 e5 4. e4 Ne7 5. Bg5 a6 6. a4 f6 7. Be3 g6 8. Nbd2 Bg7
9. a5 O-O 10. Nc4 f5 11. Nb6 Ra7 12. Ng5 Rf6 13. Ne6 Bxe6 14. dxe6 Rxe6 15. Bc4
d5 16. exd5 Rd6 17. Bxc5 Kh8 18. Bxd6 Qxd6 19. Qe2 Nd7 20. Qe3 f4 21. Qa3 Nc5
22. O-O Bf8 23. Rfe1 Kg7 24. Qc3 Kf6 25. b4 Bg7 26. bxc5 Qd8 27. Qxe5+ 1-0

[Event "?"]
[Site "?"]
[Date "2018.11.18"]
[Round "4.13"]
[White "Slavik, Fabian"]
[Black "Albayrak, Berrak"]
[Result "1-0"]
[WhiteElo "1488"]
[BlackElo "1512"]
[PlyCount "71"]
[EventDate "2018.??.??"]
[WhiteTeam "SC Stein 1998"]
[BlackTeam "Zabo-Eintr. Nürnberg"]

1. d4 d5 2. Bf4 Nf6 3. e3 e6 4. Nf3 c5 5. c3 Nc6 6. Bd3 Qb6 7. Qc2 Be7 8. Nbd2
h6 9. Bg3 Bd7 10. Ne5 cxd4 11. Nxd7 Nxd7 12. exd4 Rc8 13. Qb3 Qxb3 14. axb3 a6
15. O-O O-O 16. Rfe1 Rfe8 17. b4 Na7 18. h3 Bd8 19. Nf3 Rc6 20. Ne5 Nxe5 21.
Bxe5 Rc8 22. g4 Bc7 23. Bxc7 Rxc7 24. f4 f6 25. Re3 Kf7 26. Rae1 b5 27. f5 Ree7
28. fxe6+ Kf8 29. Kf2 g5 30. Kg3 Nc6 31. h4 Nd8 32. hxg5 fxg5 33. Re5 Rc6 34.
Rxd5 Nxe6 35. Rde5 Rd6 36. Bf5 1-0

[Event "?"]
[Site "?"]
[Date "2018.11.18"]
[Round "4.14"]
[White "Meyer, Robert"]
[Black "Franz, Alexander"]
[Result "1-0"]
[WhiteElo "1738"]
[BlackElo "1626"]
[PlyCount "47"]
[EventDate "2018.??.??"]
[WhiteTeam "SC Stein 1998"]
[BlackTeam "SC JÃ„KLECHEMIE"]

1. Nf3 d5 2. d4 Nf6 3. Bf4 Nh5 4. Bg5 h6 5. Bh4 g5 6. Bg3 Nxg3 7. hxg3 Bf5 8.
e3 Bg7 9. Bd3 Bg4 10. c3 c5 11. dxc5 Qa5 12. Qb3 Qxc5 13. Qxb7 O-O 14. Qxa8 Bd7
15. Qb7 Bc6 16. Qb3 e5 17. Be2 Rd8 18. O-O d4 19. cxd4 exd4 20. exd4 Qe7 21.
Bc4 g4 22. Re1 Qf6 23. Ne5 Re8 24. Bxf7+ 1-0

[Event "?"]
[Site "?"]
[Date "2018.11.18"]
[Round "4.15"]
[White "Albayrak, Atilla"]
[Black "Schlötterer, Hermann"]
[Result "0-1"]
[WhiteElo "1437"]
[BlackElo "1788"]
[PlyCount "72"]
[EventDate "2018.??.??"]
[WhiteTeam "Zabo-Eintr. Nürnberg"]
[BlackTeam "Zabo-Eintr. Nürnberg"]

1. d4 Nf6 2. Nf3 c5 3. dxc5 Na6 4. a3 Nxc5 5. b4 Nce4 6. h3 g6 7. Bb2 Qc7 8. e3
Bg7 9. Be5 d6 10. Bb5+ Bd7 11. Bxd7+ Qxd7 12. Bd4 Rc8 13. Nbd2 Nc3 14. Bxc3
Rxc3 15. O-O O-O 16. a4 a6 17. Ra2 Rc7 18. Qe2 Nd5 19. Nb1 Nxb4 20. Ra3 Rxc2
21. Qd1 Rfc8 22. Nbd2 Rc1 23. Qxc1 Rxc1 24. Rxc1 Bb2 25. Rac3 Bxc1 26. Rxc1
Qxa4 27. Rc4 Qd1+ 28. Kh2 Nd3 29. Kg3 Qe2 30. Ne4 d5 31. Rc8+ Kg7 32. Nd4 Qf1
33. Rc7 dxe4 34. Rxe7 Qxf2+ 35. Kh2 Qxe3 36. Ne6+ Kf6 0-1

[Event "?"]
[Site "?"]
[Date "2018.11.18"]
[Round "4.16"]
[White "Brinkmann, Jörg"]
[Black "Albayrak, Aylin"]
[Result "0-1"]
[WhiteElo "1172"]
[BlackElo "1686"]
[PlyCount "54"]
[EventDate "2018.??.??"]
[WhiteTeam "SC JÄKLECHEMIE"]
[BlackTeam "Zabo-Eintr. Nürnberg"]

1. f4 d5 2. Nf3 Bg4 3. e3 Nf6 4. b3 c5 5. Bb5+ Nc6 6. Bb2 e6 7. d3 Qa5+ 8. Nc3
d4 9. Bxc6+ bxc6 10. Qd2 dxc3 11. Bxc3 Qc7 12. h3 Bxf3 13. gxf3 Nd5 14. Bb2 f6
15. Rg1 Rd8 16. O-O-O Bd6 17. Rg4 Rd7 18. Rdg1 O-O 19. Kb1 a5 20. h4 a4 21. h5
axb3 22. axb3 Qa7 23. e4 Nb4 24. c3 Qa2+ 25. Kc1 Nxd3+ 26. Kc2 Qxb2+ 27. Kxd3
Bxf4+ 0-1

[Event "?"]
[Site "?"]
[Date "2018.11.18"]
[Round "4.17"]
[White "Kiesendahl, Roland"]
[Black "Albayrak, Melissa"]
[Result "1-0"]
[WhiteElo "1816"]
[BlackElo "1164"]
[PlyCount "89"]
[EventDate "2018.??.??"]
[WhiteTeam "SC Erlangen"]
[BlackTeam "Zabo-Eintr. NÃ¼rnberg"]

1. d4 d5 2. c4 e6 3. Nf3 Nc6 4. Bf4 Nf6 5. h3 Bd6 6. Bg5 e5 7. cxd5 Nxd4 8.
Nxd4 exd4 9. Qxd4 Qe7 10. Nc3 Be5 11. Qc4 Bxc3+ 12. bxc3 h6 13. Bf4 Bd7 14. e3
b5 15. Qb3 a6 16. Be2 O-O 17. O-O Ne4 18. Rfd1 Qc5 19. Rac1 a5 20. Bd3 a4 21.
Qc2 Nf6 22. e4 Nh5 23. Be3 Qd6 24. Rb1 Ra5 25. Rb2 Nf4 26. Bf1 c6 27. dxc6
Nxh3+ 28. gxh3 Qg6+ 29. Kh2 Bxc6 30. f3 Qh5 31. Qg2 Qe5+ 32. Qg3 Qxc3 33. Bd4
Qxb2+ 34. Bxb2 g6 35. Qe5 f6 36. Qe6+ Kg7 37. Qxc6 Ra7 38. Rd7+ Rxd7 39. Qxd7+
Rf7 40. Qxb5 Rc7 41. Bc4 Ra7 42. Qd5 Kf8 43. Qc5+ Re7 44. Bxf6 Ke8 45. Qxe7#
1-0

[Event "?"]
[Site "?"]
[Date "2018.11.18"]
[Round "4.18"]
[White "Harder, Dennis"]
[Black "Dreiseitel, Werner"]
[Result "0-1"]
[WhiteElo "1168"]
[BlackElo "1563"]
[PlyCount "98"]
[EventDate "2018.??.??"]
[WhiteTeam "SC Stein 1998"]
[BlackTeam "SG 1882 Fürth"]

1. e4 c6 2. Nc3 d5 3. exd5 cxd5 4. Bb5+ Bd7 5. Bxd7+ Qxd7 6. Nf3 Nc6 7. d3 e6
8. Bf4 Bb4 9. a3 Ba5 10. b4 Bd8 11. Qd2 a6 12. Rb1 Rc8 13. Ne5 Nxe5 14. Bxe5 f6
15. Bg3 Ne7 16. O-O O-O 17. Ne2 Nf5 18. Rfe1 Re8 19. Rbc1 Qa4 20. Nf4 Nd4 21.
c3 Nb3 22. Qc2 Qxa3 23. Rb1 Nd4 24. Qb2 Rxc3 25. Nxd5 Qxb2 26. Rxb2 Rxd3 27.
Nf4 Rc3 28. Rd2 Rc4 29. f3 Kf7 30. Bf2 Nc6 31. Rd7+ Re7 32. Rdd1 Rxf4 33. h3
Bc7 34. Bg3 Rxb4 35. Bxc7 Rxc7 36. Rc1 Rd7 37. Kh2 Rd2 38. Kg3 Rbb2 39. Rg1 a5
40. Rc3 a4 41. Rc4 a3 42. Ra1 Rxg2+ 43. Kf4 e5+ 44. Ke3 Rb3+ 45. Ke4 Re2+ 46.
Kd5 a2 47. Ra4 Rb1 48. R1xa2 Rxa2 49. Rxa2 Nb4+ {[%emt 0:00:00]} 0-1

[Event "?"]
[Site "?"]
[Date "2018.11.18"]
[Round "4.19"]
[White "Walisch, Wilfried"]
[Black "Haschemi, Said Habieb"]
[Result "0-1"]
[WhiteElo "1078"]
[BlackElo "1584"]
[PlyCount "78"]
[EventDate "2018.??.??"]
[WhiteTeam "SW Nürnberg Süd"]
[BlackTeam "SG 1882 Fürth"]

1. c4 e5 2. g3 f5 3. Bg2 d6 4. Nc3 Nf6 5. e3 Be6 6. d3 Be7 7. Nge2 c6 8. O-O
O-O 9. f4 Qe8 10. a3 Qh5 11. Bf3 Qg6 12. b4 h5 13. h4 Ng4 14. b5 Bxh4 15. Bxg4
Qxg4 16. Kg2 Bf6 17. Rh1 h4 18. Qe1 e4 19. Nd4 Bd7 20. dxe4 c5 21. Nde2 fxe4
22. Rb1 Qf3+ 23. Kg1 Be6 24. Nd5 Bxd5 25. cxd5 hxg3 26. Nxg3 Qg4 27. Rb2 Bxb2
28. Bxb2 Nd7 29. Rh5 Nf6 30. Rg5 Qd7 31. Nf5 Nh5 32. Nh6+ Kh7 33. Ng4 Rf5 34.
Qh4 Rxg5 35. Qxg5 Qf7 36. f5 Rf8 37. f6 Nxf6 38. Bxf6 gxf6 39. Qh6+ Kg8 0-1

[Event "?"]
[Site "?"]
[Date "2018.11.18"]
[Round "4.20"]
[White "Großner, Josef"]
[Black "Denninger, Tanja"]
[Result "1-0"]
[WhiteElo "1781"]
[BlackElo "1070"]
[PlyCount "93"]
[EventDate "2018.??.??"]
[WhiteTeam "SF Fürth"]
[BlackTeam "SC JÄKLECHEMIE"]

1. e4 e6 2. d4 d5 3. e5 c5 4. c3 Nc6 5. Nf3 Qb6 6. a3 c4 7. g3 Nge7 8. Bh3 f6
9. exf6 gxf6 10. Qe2 Na5 11. Nbd2 Bg7 12. O-O Bh6 13. Re1 Bd7 14. Bxe6 O-O-O
15. Bxd7+ Rxd7 16. Rb1 Re8 17. Qd1 f5 18. Ne5 Rc7 19. Qh5 Rf8 20. Nf7 Qf6 21.
Nxh6 f4 22. Ng4 Qf5 23. Qxf5+ Rxf5 24. Ne5 fxg3 25. fxg3 Ng8 26. Ndf3 Rg7 27.
Be3 h5 28. Rf1 Nf6 29. Nh4 Rxf1+ 30. Rxf1 Ne4 31. Rf5 Nxg3 32. hxg3 Rxg3+ 33.
Kf2 Rh3 34. Rxh5 Rh2+ 35. Kf3 Rxb2 36. Rh7 Rb3 37. Nhg6 Rxc3 38. Nf4 Rxa3 39.
Nxd5 b6 40. Ke4 c3 41. Rc7+ Kb8 42. Rxc3 Rxc3 43. Nxc3 Nb3 44. d5 Nc5+ 45. Bxc5
bxc5 46. Kd3 a5 47. Kc4 1-0

[Event "?"]
[Site "?"]
[Date "2018.11.18"]
[Round "4.21"]
[White "Ziegler, Roman"]
[Black "Ott, Hans"]
[Result "0-1"]
[WhiteElo "1028"]
[BlackElo "1566"]
[PlyCount "48"]
[EventDate "2018.??.??"]
[WhiteTeam "SK Kriegshaber"]
[BlackTeam "Zabo-Eintr. Nürnberg"]

1. d4 Nf6 2. c4 g6 3. Nc3 Bg7 4. e4 d6 5. Nf3 O-O 6. Be2 Nfd7 7. O-O b6 8. Bf4
c5 9. dxc5 Nxc5 10. e5 dxe5 11. Qxd8 Rxd8 12. Bxe5 Nc6 13. Bxg7 Kxg7 14. Rfd1
Bb7 15. b4 Ne6 16. Nd5 Kf8 17. Ne1 Ncd4 18. Bf3 Nxf3+ 19. Nxf3 Bxd5 20. cxd5
Nf4 21. Rd4 Ne2+ 22. Kf1 Nxd4 23. Nxd4 Rxd5 24. Rd1 e5 0-1